LEADER 01226nam a2200265 i 4500 001 991000689599707536 005 20020507172309.0 008 980929s1995 it ||| | ita 035 $ab10743510-39ule_inst 035 $aLE01300755$9ExL 040 $aDip.to Matematica$beng 084 $aAMS 65D30 084 $aAMS 65D32 100 1 $aProvenzano, Daniele$0534663 245 10$aApplicazione delle Splines quasi-interpolanti per la valutazione numerica di CPV integrali mono e bidimensionali. Tesi di laurea /$claureando Daniele Provenzano ; relat. Elisabetta Santi 260 $aLecce :$bUniversità degli studi. Facoltà di Scienze. Corso di laurea in Matematica,$ca.a. 1995-96 650 4$aNumerical integration 650 4$aQuadrature and cubature formulas 700 1 $aSanti, Elisabetta 907 $a.b10743510$b02-04-14$c28-06-02 912 $a991000689599707536 945 $aLE013 TES 1995/96 PRO1$g1$i2013000109596$lle013$o-$pE0.00$q-$rl$s- $t0$u0$v0$w0$x0$y.i10834990$z28-06-02 996 $aApplicazione delle Splines quasi-interpolanti per la valutazione numerica di CPV integrali mono e bidimensionali. Tesi di laurea$9910764 997 $aUNISALENTO 998 $ale013$b01-01-98$cm$da $e-$fita$git $h0$i1 LEADER 02899nam 22006852 450 001 9910784317903321 005 20151005020622.0 010 $a1-107-14868-5 010 $a1-283-32918-2 010 $a0-511-16554-4 010 $a9786613329189 010 $a0-511-80306-0 010 $a0-511-16633-8 010 $a0-511-16440-8 010 $a0-511-56668-9 010 $a0-511-16520-X 035 $a(CKB)1000000000353191 035 $a(EBL)255211 035 $a(OCoLC)437163531 035 $a(SSID)ssj0000100847 035 $a(PQKBManifestationID)11124509 035 $a(PQKBTitleCode)TC0000100847 035 $a(PQKBWorkID)10037481 035 $a(PQKB)11749072 035 $a(UkCbUP)CR9780511803062 035 $a(MiAaPQ)EBC255211 035 $a(MiAaPQ)EBC5120003 035 $a(Au-PeEL)EBL255211 035 $a(CaPaEBR)ebr10120484 035 $a(OCoLC)819630923 035 $a(Au-PeEL)EBL5120003 035 $a(CaONFJC)MIL332918 035 $a(OCoLC)1024278155 035 $a(EXLCZ)991000000000353191 100 $a20141103d2004|||| uy| 0 101 0 $aeng 135 $aur||||||||||| 181 $ctxt$2rdacontent 182 $cc$2rdamedia 183 $acr$2rdacarrier 200 10$aAlbert Camus, The stranger /$fPatrick McCarthy$b[electronic resource] 205 $aSecond edition. 210 1$aCambridge :$cCambridge University Press,$d2004. 215 $a1 online resource (viii, 109 pages) $cdigital, PDF file(s) 225 1 $aLandmarks of world literature 300 $aTitle from publisher's bibliographic system (viewed on 05 Oct 2015). 311 $a0-521-53977-3 311 $a0-521-83210-1 320 $aIncludes bibliographical references. 327 $aCover; Half-title; Title; Copyright; Contents; Preface; Chronology; Chapter 1 Contexts; Chapter 2 The Stranger; Chapter 3 Early Camus and Sartre; Chapter 4 Camus and the Algerian war; Chapter 5 Why and how we read The Stranger: a guide to further reading 330 $aThis handy guide places Albert Camus' The Stranger, one of the seminal texts of existentialism and twentieth-century literature in general, in the context of French and French-Algerian history and culture. In it, Patrick McCarthy examines the way the work undermines traditional concepts of fiction. In addition, he explores the parallels and the contrasts between Albert Camus's work and that of Jean-Paul Sartre. Overall, this account provides students with a useful companion to The Stranger. This second edition boasts a revised guide to further reading and a new chapter on Camus and the Algerian War. 410 0$aLandmarks of world literature. 676 $a843/.914 700 $aMcCarthy$b Patrick$f1941-2007,$0147054 801 0$bUkCbUP 801 1$bUkCbUP 906 $aBOOK 912 $a9910784317903321 996 $aAlbert Camus, The stranger$93713589 997 $aUNINA